Statistics for All Jme Songs

Click here to take the quiz!

General Stats

  • This quiz has been taken 2 times
  • The average score is 8 of 135

Answer Stats

Norf Face% Correct
123
100%
P
100%
96 Bars Of JME
50%
Blam!
50%
Integrity
50%
JME
50%
Man Don't Care
50%
Nang
50%
No You Ain't
50%
Poomplex
50%
Pr*cks
50%
Pulse 8
50%
Road Runner
50%
Standard
50%
96 Bars of Revenge
0%
96 Bars Of Revenge
0%
96 F**kries
0%
96 Of My Life
0%
African Zulu Warrior
0%
Again
0%
Agl
0%
A Little Insight
0%
Amen
0%
Anger Room
0%
AWOH
0%
Back 2 Basics
0%
Badman Walking Through
0%
Baitest Sound
0%
Banger
0%
Beautiful
0%
Blind
0%
Boogiedown Bass
0%
Boy Better Know
0%
Break You Down
0%
Brothers & Sisters
0%
Calm
0%
Capo's Pattern
0%
CD Is Dead
0%
Change
0%
Darker (Intro)
0%
Deadout
0%
Deceased
0%
Deceived
0%
Dem Man Are Dead
0%
Derkhead Intro
0%
Ding Ding Ding
0%
Don't Chat To Me
0%
Don't Get Rude
0%
Don't @ Me
0%
Dun No D Myspace
0%
Eat Junk
0%
Famalam
0%
Famous
0%
Flippin' Hell
0%
Food
0%
Freestyle
0%
Freezing
0%
Frisco's Pattern
0%
Fruity 6
0%
Game
0%
Ghetto Superstar
0%
Go on My Own
0%
Guess What
0%
Head What I Said
0%
Here
0%
Hospital
0%
How Much
0%
Hyping
0%
If You Don't Know
0%
I Love Music
0%
Im Gone
0%
Impact MT Bold
0%
I'm the Best
0%
Issmad
0%
It's Not a Long Ting
0%
JME007
0%
Jme's Pattern
0%
Juju Riddim
0%
Just Being Me
0%
Knock Your Block Off
0%
Let's Roll
0%
Live
0%
Look Both Ways
0%
Man in Meridian
0%
Mario's flag
0%
Mayhem
0%
Money on My Brain
0%
More
0%
Move On
0%
murking
0%
Music Ting
0%
Nothing Goes past Me
0%
Oh
0%
Old School
0%
Over Me
0%
Pence
0%
Pick up the Mic
0%
Plazma
0%
Power
0%
Punch in the Face
0%
R U Dumb?
0%
Saints on Mics
0%
Same Thing
0%
Serious
0%
Serious - Remix
0%
Shh Hut Yuh Muh
0%
Shorty's Pattern
0%
Show
0%
Shut Up And Dance
0%
Shut Yuh Muh
0%
Sidetracked
0%
Skeng
0%
So Skenged
0%
Staggering
0%
Step Sequencer
0%
Step Steady
0%
Styley
0%
Sun, Sea & Sand
0%
Taking Over
0%
Taking Over?
0%
Test Me
0%
That's Hype
0%
The Future
0%
The Money
0%
They Call Me
0%
This One
0%
Three Thousand Ghosts
0%
Total Mayhem
0%
T.R.O.N
0%
Understand
0%
Weight
0%
Work
0%
Yes Men
0%
You Know
0%
You Watch Me
0%

Score Distribution

Percentile by Number Answered

Percent of People with Each Score

Your Score History

You have not taken this quiz